Capital Cities Quiz Stats

 Plays Quiz not verified by Sporcle

Challenge
Share
Tweet
Embed
Score 0/23 Timer 04:00
0 Plays Today
% Correct
Washington, DC
99%
Moscow
98%
Beijing
97.1%
Paris
97.1%
Rome
97.1%
London
96.1%
Berlin
95.1%
Tokyo
94.1%
Madrid
94.1%
Canberra
93.1%
Singapore
93.1%
Brasília
93.1%
% Correct
Copenhagen
92.2%
São Tomé
92.2%
Ottawa
91.2%
Buenos Aires
91.2%
Brussels
89.2%
San Marino
87.3%
Reykjavík
85.3%
Kabul
83.3%
Manila
78.4%
Nuuk
71.6%
Rabat
62.7%

You're not logged in!

Compare scores with friends on all Sporcle quizzes.
Join for Free
OR
Log In

You Might Also Like...

Show Comments

Extras

Top Quizzes Today


Score Distribution

Your Account Isn't Verified!

In order to create a playlist on Sporcle, you need to verify the email address you used during registration. Go to your Sporcle Settings to finish the process.

Report this User

Report this user for behavior that violates our Community Guidelines.

Details: